LEADER 01172nam a2200277 i 4500 001 000000151440 003 CaOOAMICUS 005 20060630000000.0 008 060630s1958 it u000 u mul u 013 $a128778 040 $aSeMil$bita 100 1 $aGuillén, Jorge.$0(OLS)http://semarc/name/36556 245 10$aJorge Guillén /$cTradotto da Eugenio Montale. 260 $aMilano :$bAll'insegna del pesce d'oro,$c1958. 300 $a33 p. ;$c18 cm. 490 0 $aPoeti stranieri tradotti da poeti italiani ;$v.[N. 2] 500 $aTesto spagnolo a fronte. - Fondo Ciprandi. 650 4$aGuillén, Jorge <1893-1984> - Poesie.$0(OLS)http://semarc/subject/29575 700 1 $aMontale, Eugenio,$d<1896-1981>.$0(OLS)http://semarc/name/7222 830 0$aPoeti stranieri tradotti da poeti italiani ;$v.[N. 2].$0(OLS)http://semarc/title/21095 850 $aSeMil 852 $aSeMil$W1$xVenegono$y1$m1D I 126$j103468$B103468$CSeMilBibl$Z2$F112545 $81 941 1 $a1 961 $aOmaggio: Ciprandi dott. Paolo 996 $6245$aJorge Guillén$9(OLS)http://semarc/title/221336 996 $6260$aMilano :$bAll'insegna del pesce d'oro$9(OLS)http://semarc/publisher/29752 LEADER 01518nam a2200241 4500 001 000000339109 003 CaOOAMICUS 005 20200130144859.0 008 200130s1791 fr a 000 u fre r 026 $ac.es cele rs,& copl (3) 1791 (R) 040 $aSeMil$bita 245 00$a3: Cap-col. 264 1$aA Lyon :$bChez Bruyset frères,$c1791. 300 $a[4], 642, [2] p. ;$c8° 500 $aSegn.: pg2 A-2R8 2S2 700 11$aValmont de Bomare, Jacques Christophe,$d<1731-1807>.$0(OLS)http://semarc/name/110848 773 0 $aValmont de Bomare, Jacques Christophe, <1731-1807>$tDictionnaire raisonné universel d'histoire naturelle, contenant l'histoire des animaux, des végétaux et des minéraux, et celle des corps célestes, des météores, et des autres principaux phénomenes de la nature ; avec l'histoire des trois regnes, et le détail des usages de leurs production dans la Médecine, dans l'Economie domestique et champêtre, et dans les Arts et métiers. Et une table concordante des noms latins, etc. et le renvoi aux objets mentionnés dans cet ouvrage ... Tome 1. [-15.].$dA Lyon : Chez Bruyset frères, 1791.$bQuatrième édition, revue et considérablement augmentée par l'auteur.$g3$w()339106 850 $aSeMil 852 $aSeMil$W1$xVenegono$y1$m3XB I 3 FA$j218261$B230245$CSeMilBibl$Z2$F230245 $8I 941 1 $a10 996 $6245$a3: Cap-col$9(OLS)http://semarc/title/427926 996 $6264$aA Lyon :$bChez Bruyset frères$9(OLS)http://semarc/publisher/33253